000 00636nam a22001937a 4500
005 20251108164844.0
008 250721s1976 xx 000 0 ara d
082 1 4 _a814.09563/مني
100 1 _aبكر، منير
245 1 0 _aأساليب المقالة و تطورها في الأدب العراقي الحديث و الصحافة العراقية /
264 1 _aبغداد :
_bجامعة بغداد،
_c1976.
300 _a624ص
650 1 7 _aالمقالات العربية
650 1 7 _aالتاريخ الأدبي
650 1 7 _aالنقد الأدبي
650 1 7 _aالعراق
942 _2ddc
_cBK
999 _c15982
_d15982